MDQL
is popping MORE tags! Check the
thread
!
Quizzes
Events
Quiz Creation
Community
Videos
Private Events
Remove Ads
Sign In
Join for FREE
Feedback
Dark Mode
Quiz Categories
Sports
Geography
Music
Movies
Television
Just For Fun
Miscellaneous
History
Literature
Language
Science
Gaming
Entertainment
Religion
Holiday
For Kids
Quiz Lab
Recent
Popular Today
Quiz Kudos Today
Editor Picks
Curator Picks
Quizzes by...
Day
Popularity
Type
Ratings
Length
Year
Community
Subscriptions
Recent Discussions
Orange Saloon
Badges
Playlists
Quests
Create
Leaderboards
Showdown
Live 5
Trivia Bingo
Activity
Puzzle Library
Sporcle Events
Private Events
Virtual Trivia
Globe League
Become a Host
Pub Owners
SporcleCon
Opinionation
Our Games
Videos
Blog
Mobile Apps
Partnerships
Remove Ads and Go Orange
Feedback
Miscellaneous
Crossword
General Knowledge
Baby Names
Logo
Food
Cars
Numbers
Grab Bag
University
College
Popular
Company
Slogans
Restaurants
Justice
Letter
Miscellaneous
Crossword
General Knowledge
Baby Names
Logo
Food
Cars
Numbers
Grab Bag
University
College
Popular
Company
Slogans
Restaurants
Justice
Letter
Random Quiz
Search Sporcle
×
Quiz Lab
Quiz Lab
Miscellaneous
Famous
Type in answers that appear in a list
Type in answers that appear in a list
Classic
Best Score? Go Orange.
Famous Nebraskans Stats
Can you name the Famous Nebraskans?
By
vtislander
8m
34 Questions
83 Plays
83 Plays
83 Plays
Comments
Comments
Give Quiz Kudos
Give Quiz Kudos
-
- Ratings
hide this ad
Replay
Link that replays current quiz
Next Quiz
Link to next quiz in quiz playlist
You Got
0%
They Got
Avg Score
28%
Avg Friend Score
Upgrade to see
Score Distribution
Jump to the score distribution portion of the page
Score
0/34
Timer
08:00
0
Plays Today
Accomplishment/Profession
Name
% Correct
Entertainment (Host of 'The Tonight Show')
Johnny Carson
81.9%
Business (CEO Berkshire Hathaway)
Warren Buffett
63.9%
Actor (Star of 'On the Waterfront' and 'A Streetcar Named Desire')
Marlon Brando
60.2%
Politics (President of the United States)
Gerald Ford
60.2%
Actor (Star of 'The Grapes of Wrath' and '12 Angry Men')
Henry Fonda
56.6%
Civil Rights Activist (assassinated in 1965)
Malcolm X
55.4%
Sports (greatest inside pitcher ever, played for the St. Louis Cardinals)
Bob Gibson
50.6%
Philanthropy (founder of Arbor Day)
J. Sterling Morton
45.8%
Business (founder of Morton Salt Company)
Joy Morton
45.8%
Actor (Star of '48 Hours' and 'Prince of Tides')
Nick Nolte
44.6%
Education/
Sports/
Politics (former head coach of University of Nebraska football team and former Congressman)
Tom Osbourne
38.6%
Entertianment (Wild west showman of worldwide fame)
Buffalo Bill Cody
37.3%
Literature ('My Antonia' /
'O Pioneers')
Willa Cather
36.1%
Sports (Heisman trophy winner for the Nebraska Cornhuskers)
Eric Crouch
32.5%
Sports (Heisman trophy winner for the Nebraska Cornhuskers)
Johnny Rodgers
28.9%
Sports (Heisman trophy winner for the Nebraska Cornhuskers)
Mike Rozier
22.9%
Sports (Chicago Bears running back who once had 22 touchdowns in 1 season)
Gale Sayers
21.7%
Accomplishment/Profession
Name
% Correct
Westward Expansion (Chief of Ponca Indian Tribe who was forced to move to reservation lands in 1877)
Standing Bear
19.3%
Religion (founder of Boys' Town)
Edward Flanagan
18.1%
Westward Expansion (prominent Native American in the Plains Wars of 1865)
Red Cloud
16.9%
Entertainment (dancer)
Fred Astaire
14.5%
Literature ('Old Jules' /
'The Buffalo Hunters')
Mari Sandoz
13.3%
Education ('Father of the Yellow School Bus')
Frank Cyr
13.3%
Food (inventor of the 'Eskimo Pie')
Christian Nelson
12%
Engineering (inventor of landing crafts used during D-
Day invasion)
Andrew J. Higgins
10.8%
Sports (Baseball Hall of Famer from the Phillies)
Grover Cleveland Alexander
10.8%
Agriculture (first settler to register under the Homestead Act of 1863)
Daniel Freeman
9.6%
Education (founder of Cliff's Notes)
Clifford Hillegas
8.4%
Engineering (inventor of stroboscopic light)
Harold Edgerton
8.4%
Philanthropy (pioneer and advocate within the areas of childrens' and immigrants rights)
Grace Abbot
7.2%
Engineering (solved the battery recharging problem that led to Apollo 13's safe return to earth)
Robert Legler
6%
Engineering (Chief engineer of the San Francisco-
Oakland Bay Bridge)
Charles Purcell
6%
Business (CEO of Coca-
Cola Corporation)
Donald R. Keough
4.8%
Journalism (creator of TV program 'Reading Rainbow')
Twila Christensen Liggett
3.6%
Quiz Playlist
Details
Report
Send in Message
Add To Playlist
Classic:
Type in answers that appear in a list
Last Updated: Feb 16, 2017
Quiz Scoreboard
CHALLENGE
Sign Up to Join the Scoreboard
Show All
Scores
Hide
Comments
May contain spoilers
Recently Published
Find the 'City' Movie
by crazypaving
Movies
60s
5x2 Blitz: Bands
by SL_Kpop136
Music
30s
Colored Red Africa Blitz
by spor1
Geography
30s
More to Explore
Quiz From the Vault
Featured Blog Post
14 Easter Pick-up Lines to Find Eggs With
hide this ad
You Might Also Like...
Tags
Famous Quiz
Accomplishment
nebraska
profession
Today's Top Quizzes in Miscellaneous
Browse Miscellaneous
hide this ad
Today's Top Quizzes in Famous
Browse Famous
Top Contributed Quizzes in Miscellaneous
1
5-to-1: Fast Food
2
The JOE quick-fire general knowledge quiz: Day 174
3
9x9 Crossword: Disney Movie Titles
4
9x9 Crossword: Charlie and the Chocolate Factory
5
9x9 Crossword: 2022 Movies
6
9x9 Crossword: Pixar Movie Titles
7
9x9 Crossword: Actors
8
9x9 Crossword: Flags
9
9x9 Crossword: Mario
10
9x9 Crossword: The Simpsons
Explore More
Trending Topics
Anime
Kpop
NBA
Marvel
Harry Potter
Disney
Crossword
The Office
Soccer
Puzzle
Country
Pokémon
NFL
WWE
Song
hide this ad
More By:
vtislander
Quiz
Plays
Rating
Category
Featured
Created
Famous Nebraskans
83
2.67
Miscellaneous
Jan 15, 2010
Grand Island, NE Elementary Schools
36
3.00
Miscellaneous
Dec 17, 2009
Faculty of The Field School '09-'10
36
1.00
Miscellaneous
Dec 17, 2009
Go to Creator's Profile
Score Distribution
Quiz Creator Spotlight
vtislander
Follow
Send a Message
Quizzes Created
-
Created Quiz Play Count
-
More By This Creator
Popular Quizzes Today
1
Colored Red Africa Blitz
2
Find the 'City' Movie
3
Find the US States - No Outlines Minefield
4
5x2 Blitz: Bands
5
The Countries of the World
6
Find the US States
7
Find the Countries of Europe - No Outlines Minefield
8
US States
More Miscellaneous Quizzes
30 4 letter answers in 45
Quiz Lab
Trending Quizzes
Colored Red Europe Blitz I
Colored Red Africa Blitz II
Colored Red Europe Blitz II
Colored Red Africa Blitz III
Colored Red Europe Blitz III
Recently Updated
How Do You Spell That?
pecheneg
Godzilla Movies
pecheneg
Grab Bag: 4-10 Letters
pecheneg
2024 March Madness Bracket
pecheneg
Famous TV Couples
Peacemaker
Champions League XIs: Real Madrid
pecheneg
Largest US Cities 1790-2010
pecheneg
Rides in Walt Disney World
pecheneg
Most Oscar Losses (Acting)
pecheneg
Beyoncé Albums
pecheneg
Trending Topics
Anime
Kpop
Harry Potter
Disney
NBA
Marvel
Crossword
WWE
NFL
The Office
Puzzle
Song
Country
Pokémon
Soccer
Your Account Isn't Verified!
In order to create a playlist on Sporcle, you need to verify the email address you used during registration. Go to your
Sporcle Settings
to finish the process.
Report this User
Report this user for behavior that violates our
Community Guidelines
.
Details:
Send Report
Go to the Sporcle.com Mobile Site →
Comments